| 000 | 02057nam1a2200361 4500 | ||
|---|---|---|---|
| 001 | RU\NLR\BIBL_A\022747962 | ||
| 005 | 20260426072853.0 | ||
| 010 | _a978-5-7883-2206-3 | ||
| 035 | _a(NLR Aleph) 022747962 | ||
| 090 |
_a13693367 _c13693367 |
||
| 100 | _a20260310d2025 k y0rusy50 ca | ||
| 101 | 0 | _arus | |
| 102 | _aRU | ||
| 105 | _a z | ||
| 181 | 0 |
_ai3 _baxxe |
|
| 182 | 0 | _an | |
| 200 | 1 |
_aНизкотемпературные энергетические системы _eмонография _eв двух частях _fИ. А. Архаров, А. И. Довгялло, Д. А. Угланов _gМинистерство науки и высшего образования Российской Федерации, Федеральное государственное автономное образовательное учреждение высшего образования "Самарский национальный исследовательский университет имени академика С. П. Королева" (Самарский университет) |
|
| 203 |
_aТекст _bвизуальный _cнепосредственный |
||
| 210 |
_aСамара _cИзд-во Самарского университета _d2025 |
||
| 215 | _d21 | ||
| 300 | _aАвт. указаны на обороте тит. с. | ||
| 606 | 1 |
_aКриогенные установки _92582276 _3RU\NLR\AUTH\661526459 |
|
| 686 | 1 | _aЛ112.333-5 | |
| 701 | 1 |
_aАрхаров _bИ. А. _f1963- _gИван Алексеевич |
|
| 701 | 1 |
_aДовгялло _bА. И. _gАлександр Иванович |
|
| 701 | 1 |
_aУгланов _bД. А. _gДмитрий Александрович |
|
| 712 | 0 | 2 |
_4475 _aСамарский национальный исследовательский университет им. С. П. Королева _9524799 _3RU\NLR\AUTH\880430228 |
| 852 |
_aNLR _j2026-3/4588 |
||
| 942 | _cBOOK | ||
| 980 | _aNB | ||